00717 2200289 4500001002100000005001700021008004100038020001800079035002400097082001100121090001800132100001700150245006600167250001100233260002700244300002400271500001100295650001200306700001600318850001200334980001500346985000600361999001500367999001500382999001500397999001500412YOGYA-0209000004893520090227032147.0 ind  a979-404-265-X 0010-020900000048935 a796.42 a796.42bMcm D aMCMANE, Fred aDasar-dasar atletikcFred Mcmane ; ilustrasi oleh, Art Seiden aCet. 1 aBandungbAngkasac1987 a67 hlmbilusc21 cm aIndeks aAtletik aSeiden. Art aYOPDYOG a18-10-2007 a4 a93P0041101 a94P0053416 a95P0067534 a00P0003215